Britský model politiky zamestnanosti v kontexte realizácie princípu flexiistoty

Enregistré dans:
Détails bibliographiques
Auteur principal: Přívara, Andrej, 1983-
Format: Chapitre de livre
Langue:slovaque
Tags: Ajouter un tag
Pas de tags, Soyez le premier à ajouter un tag!

MARC

LEADER 00000naa a2200000 4500
001 0189942
005 20240502083440.6
041 0 |a slo 
044 |a CZ 
245 1 0 |a Britský model politiky zamestnanosti v kontexte realizácie princípu flexiistoty  |c Andrej Přívara 
100 1 |a Přívara, Andrej, 1983-